[Event "WCO2014"]
[Site "Tromso"]
[Date "2014.08.03"]
[Round "2.10"]
[WhiteID "13602640"]
[White "Khotenashvili Bela"]
[BlackID "16500270"]
[Black "Blagojevic Tijana"]
[Result "1-0"]
[LiveChessVersion "1.4.3"]
[BlackElo "2095"]
[WhiteElo "2494"]

1. d4 {[%clk 1:30:54]} d5 {[%clk 1:30:53]} 2. c4 {[%clk 1:31:09]} c6
{[%clk 1:31:14]} 3. Nf3 {[%clk 1:31:30]} Nf6 {[%clk 1:31:37]} 4. Nc3
{[%clk 1:31:48]} e6 {[%clk 1:31:59]} 5. Bg5 {[%clk 1:32:09]} Nbd7
{[%clk 1:32:21]} 6. cxd5 {[%clk 1:32:15]} exd5 {[%clk 1:32:45]} 7. e3
{[%clk 1:32:33]} Be7 {[%clk 1:33:03]} 8. Bd3 {[%clk 1:32:47]} Ne4
{[%clk 1:33:21]} 9. Bf4 {[%clk 1:29:05]} Ndf6 {[%clk 1:32:32]} 10. Qc2
{[%clk 1:28:40]} O-O 11. O-O {[%clk 1:26:29]} Bf5 {[%clk 1:26:46]} 12. Ng5
{[%clk 1:16:49]} Nxg5 {[%clk 1:20:17]} 13. Bxf5 {[%clk 1:17:05]} Ne6
{[%clk 1:18:24]} 14. Be5 {[%clk 1:16:34]} g6 {[%clk 1:18:10]} 15. Bd3
{[%clk 1:07:34]} Ng4 {[%clk 1:15:44]} 16. Bg3 {[%clk 1:01:24]} f5
{[%clk 1:15:43]} 17. Ne2 {[%clk 0:49:06]} Bd6 {[%clk 1:09:49]} 18. h3
{[%clk 0:45:47]} Nf6 {[%clk 1:07:39]} 19. Bh4 {[%clk 0:40:04]} Qd7
{[%clk 1:02:36]} 20. f3 {[%clk 0:37:47]} Rae8 {[%clk 0:58:05]} 21. Rab1
{[%clk 0:33:30]} Ng7 {[%clk 0:42:17]} 22. Bg5 {[%clk 0:24:40]} Ne6
{[%clk 0:40:14]} 23. Bh4 {[%clk 0:24:26]} Ng7 {[%clk 0:39:40]} 24. Bg5
{[%clk 0:24:52]} Ne6 {[%clk 0:39:51]} 25. Bh6 {[%clk 0:23:10]} Rf7
{[%clk 0:39:57]} 26. b4 {[%clk 0:23:12]} Bf8 {[%clk 0:26:40]} 27. Bf4
{[%clk 0:21:15]} Bd6 {[%clk 0:18:01]} 28. Be5 {[%clk 0:20:32]} Qe7
{[%clk 0:17:40]} 29. Qb2 {[%clk 0:13:22]} Bxe5 {[%clk 0:17:08]} 30. dxe5
{[%clk 0:13:51]} Nd7 {[%clk 0:16:54]} 31. f4 {[%clk 0:13:42]} Qd8
{[%clk 0:10:47]} 32. Kh2 {[%clk 0:11:13]} a5 {[%clk 0:10:42]} 33. a3
{[%clk 0:10:58]} axb4 {[%clk 0:07:19]} 34. axb4 {[%clk 0:11:22]} Qh4 35. Ra1
{[%clk 0:07:53]} Ndf8 {[%clk 0:00:39]} 36. Qc2 {[%clk 0:05:01]} c5
{[%clk 0:00:43]} 37. bxc5 {[%clk 0:04:55]} Rc8 {[%clk 0:01:11]} 38. Qa2
{[%clk 0:03:06]} Rxc5 {[%clk 0:01:35]} 39. Bc2 {[%clk 0:02:53]} Nc7
{[%clk 0:00:36]} 40. Bb3 {[%clk 0:02:03]} Nd7 {[%clk 0:00:33]} 41. e6
{[%clk 0:01:12]} Nxe6 {[%clk 0:00:41]} 42. Bxd5 {[%clk 0:01:36]} Rxd5
{[%clk 0:00:57]} 43. Qxd5 {[%clk 0:02:00]} Ndc5 {[%clk 0:30:19]} 44. Nd4
{[%clk 0:28:07]} Qd8 {[%clk 0:28:38]} 45. Qxd8+ {[%clk 0:26:42]} Nxd8
{[%clk 0:29:07]} 46. Ra8 {[%clk 0:27:05]} Rf8 {[%clk 0:28:24]} 47. g4
{[%clk 0:26:37]} fxg4 {[%clk 0:26:56]} 48. hxg4 {[%clk 0:27:01]} Kf7
{[%clk 0:26:57]} 49. Rc1 {[%clk 0:26:57]} b6 {[%clk 0:26:18]} 50. Rb1
{[%clk 0:26:43]} Nd7 {[%clk 0:26:25]} 51. Ra7 {[%clk 0:26:18]} Ke8
{[%clk 0:26:36]} 52. Rc1 {[%clk 0:26:01]} h5 {[%clk 0:25:50]} 53. Rc8
{[%clk 0:26:13]} 1-0

[Event "WCO2014"]
[Site "Tromso"]
[Date "2014.08.03"]
[Round "2.11"]
[WhiteID "931411"]
[White "Stojanovic Marija R"]
[BlackID "13602446"]
[Black "Melia Salome"]
[Result "1-0"]
[LiveChessVersion "1.4.3"]
[BlackElo "2475"]
[WhiteElo "2100"]

1. e4 {[%clk 1:30:58]} c5 {[%clk 1:30:47]} 2. b3 {[%clk 1:31:00]} a6
{[%clk 1:25:09]} 3. Bb2 {[%clk 1:28:54]} Nc6 {[%clk 1:25:34]} 4. f4
{[%clk 1:25:40]} e5 {[%clk 1:18:58]} 5. Nf3 {[%clk 1:23:32]} exf4
{[%clk 1:17:16]} 6. Bc4 {[%clk 1:22:44]} b5 {[%clk 1:08:14]} 7. Bd5
{[%clk 1:18:32]} Nf6 {[%clk 1:05:02]} 8. O-O {[%clk 1:18:03]} Be7
{[%clk 1:04:15]} 9. c4 {[%clk 1:15:18]} bxc4 {[%clk 0:59:50]} 10. bxc4
{[%clk 1:12:31]} Rb8 {[%clk 0:54:15]} 11. Bc3 {[%clk 1:08:53]} O-O
{[%clk 0:53:23]} 12. e5 {[%clk 0:53:33]} Nxd5 {[%clk 0:49:10]} 13. cxd5
{[%clk 0:53:57]} Nb4 {[%clk 0:49:09]} 14. d6 {[%clk 0:52:35]} Bg5
{[%clk 0:48:25]} 15. Bxb4 {[%clk 0:51:32]} cxb4 {[%clk 0:44:29]} 16. d4
{[%clk 0:47:50]} Bh6 {[%clk 0:42:21]} 17. Nbd2 {[%clk 0:48:07]} f6
{[%clk 0:41:36]} 18. Qb3+ Kh8 {[%clk 0:41:56]} 19. Rac1 {[%clk 0:43:32]} Rb5
{[%clk 0:37:08]} 20. Rc7 {[%clk 0:40:26]} Bb7 {[%clk 0:36:21]} 21. Rfc1
{[%clk 0:30:21]} Qe8 {[%clk 0:22:51]} 22. R1c5 {[%clk 0:26:16]} Rxc5
{[%clk 0:19:40]} 23. Rxc5 {[%clk 0:23:26]} fxe5 {[%clk 0:19:19]} 24. dxe5
{[%clk 0:17:30]} g5 {[%clk 0:17:10]} 25. h3 {[%clk 0:16:51]} Qg6 {[%clk 0:07:49]}
26. Qxb4 {[%clk 0:11:35]} Bc6 {[%clk 0:07:41]} 27. Rxc6 {[%clk 0:08:14]} dxc6
{[%clk 0:07:55]} 28. Qe4 {[%clk 0:08:33]} Qe6 {[%clk 0:04:48]} 29. Nd4
{[%clk 0:08:27]} Qxa2 {[%clk 0:04:10]} 30. e6 {[%clk 0:06:09]} Qa3
{[%clk 0:00:44]} 31. d7 {[%clk 0:03:53]} Qe7 {[%clk 0:00:44]} 32. Nxc6
{[%clk 0:03:51]} Qc5+ {[%clk 0:00:44]} 33. Kh2 {[%clk 0:04:00]} g4
{[%clk 0:00:37]} 34. Qe5+ {[%clk 0:04:06]} Qxe5 {[%clk 0:00:51]} 35. Nxe5
{[%clk 0:04:31]} g3+ {[%clk 0:00:41]} 36. Kg1 {[%clk 0:04:43]} Bg5
{[%clk 0:00:52]} 37. Nc6 {[%clk 0:03:24]} Kg7 {[%clk 0:00:43]} 38. Ne4
{[%clk 0:03:02]} Bd8 {[%clk 0:01:05]} 39. Kf1 {[%clk 0:02:28]} f3
{[%clk 0:01:03]} 40. gxf3 {[%clk 0:02:24]} Rxf3+ {[%clk 0:01:20]} 41. Kg2
{[%clk 0:02:28]} Re3 {[%clk 0:28:31]} 42. Nxd8 {[%clk 0:32:56]} Rxe4
{[%clk 0:28:51]} 43. Nc6 {[%clk 0:33:12]} Re2+ {[%clk 0:26:48]} 44. Kxg3
{[%clk 0:33:32]} Rd2 {[%clk 0:27:15]} 45. e7 {[%clk 0:33:11]} 1-0

[Event "WCO2014"]
[Site "Tromso"]
[Date "2014.08.03"]
[Round "2.12"]
[WhiteID "13602993"]
[White "Batsiashvili Nino"]
[BlackID "900575"]
[Black "Misovic Sanja"]
[Result "1-0"]
[LiveChessVersion "1.4.3"]
[BlackElo "1862"]
[WhiteElo "2435"]

1. d4 {[%clk 1:30:57]} Nf6 {[%clk 1:30:53]} 2. c4 {[%clk 1:31:24]} e6
{[%clk 1:31:19]} 3. Nc3 {[%clk 1:31:50]} Bb4 {[%clk 1:31:20]} 4. Qc2
{[%clk 1:32:16]} c5 {[%clk 1:30:44]} 5. dxc5 {[%clk 1:32:34]} O-O
{[%clk 1:30:28]} 6. a3 {[%clk 1:32:45]} Bxc5 {[%clk 1:30:53]} 7. Nf3
{[%clk 1:33:06]} a6 {[%clk 1:28:35]} 8. Bf4 {[%clk 1:30:17]} Be7 {[%clk 1:22:18]}
9. Rd1 {[%clk 1:28:19]} d6 {[%clk 1:17:30]} 10. Bxd6 {[%clk 1:14:55]} Bxd6
{[%clk 1:15:26]} 11. c5 {[%clk 1:15:21]} Nd5 {[%clk 1:01:15]} 12. cxd6
{[%clk 1:13:58]} Qa5 {[%clk 0:57:39]} 13. g3 {[%clk 1:01:41]} Bd7
{[%clk 0:50:17]} 14. Bg2 {[%clk 0:58:48]} Rc8 {[%clk 0:42:07]} 15. Ng5
{[%clk 0:53:14]} g6 {[%clk 0:40:26]} 16. Bxd5 {[%clk 0:48:23]} exd5
{[%clk 0:40:13]} 17. Qd2 {[%clk 0:48:42]} d4 {[%clk 0:28:29]} 18. Qf4
{[%clk 0:45:21]} Qf5 {[%clk 0:19:34]} 19. Qxf5 {[%clk 0:41:37]} Bxf5
{[%clk 0:19:56]} 20. Rxd4 {[%clk 0:42:01]} Nc6 {[%clk 0:16:55]} 21. Rd1
{[%clk 0:41:44]} h6 {[%clk 0:15:32]} 22. Nge4 {[%clk 0:38:39]} Rd8
{[%clk 0:14:44]} 23. O-O {[%clk 0:38:38]} Kg7 {[%clk 0:14:24]} 24. f3
{[%clk 0:36:19]} Ne5 {[%clk 0:11:48]} 25. g4 {[%clk 0:34:05]} Bxe4
{[%clk 0:10:31]} 26. Nxe4 {[%clk 0:34:33]} Nc4 {[%clk 0:10:20]} 27. Rd4
{[%clk 0:34:31]} b5 {[%clk 0:09:04]} 28. a4 {[%clk 0:18:36]} Nxb2
{[%clk 0:06:34]} 29. axb5 {[%clk 0:18:59]} axb5 {[%clk 0:06:58]} 30. Rb1
{[%clk 0:19:03]} Nc4 {[%clk 0:02:53]} 31. Rxb5 {[%clk 0:19:24]} Ne3
{[%clk 0:02:35]} 32. Kf2 {[%clk 0:18:20]} Nc2 {[%clk 0:02:25]} 33. Rd2
{[%clk 0:18:14]} Na3 {[%clk 0:02:48]} 34. Rc5 {[%clk 0:17:58]} Ra6
{[%clk 0:02:00]} 35. Ra2 {[%clk 0:17:55]} Ra7 {[%clk 0:01:30]} 36. h4
{[%clk 0:17:00]} Nb5 {[%clk 0:01:20]} 37. Rxa7 {[%clk 0:16:17]} Nxa7
{[%clk 0:01:44]} 38. g5 {[%clk 0:16:42]} Nc8 {[%clk 0:01:19]} 39. Rc6
{[%clk 0:16:46]} Na7 {[%clk 0:01:24]} 40. Rb6 {[%clk 0:17:03]} Rd7
{[%clk 0:00:46]} 41. Nf6 {[%clk 0:17:15]} 1-0

[Event "WCO2014"]
[Site "Tromso"]
[Date "2014.08.03"]
[Round "2.28"]
[WhiteID "5015197"]
[White "Harika Dronavalli"]
[BlackID "1004948"]
[Black "De Blecourt Sandra"]
[Result "1-0"]
[LiveChessVersion "1.4.3"]
[BlackElo "2122"]
[WhiteElo "2521"]

1. c4 {[%clk 1:30:56]} c6 {[%clk 1:30:53]} 2. Nc3 {[%clk 1:31:14]} d5
{[%clk 1:31:08]} 3. e3 {[%clk 1:31:25]} Nf6 {[%clk 1:31:22]} 4. d4
{[%clk 1:31:32]} g6 {[%clk 1:31:02]} 5. Nf3 {[%clk 1:31:53]} Bg7 {[%clk 1:31:18]}
6. Be2 {[%clk 1:31:53]} O-O {[%clk 1:30:36]} 7. O-O {[%clk 1:32:11]} e6
{[%clk 1:26:58]} 8. Qc2 {[%clk 1:23:56]} b6 {[%clk 1:18:28]} 9. Rd1
{[%clk 1:16:48]} a5 {[%clk 1:15:34]} 10. e4 {[%clk 1:15:10]} dxe4
{[%clk 1:12:34]} 11. Nxe4 {[%clk 1:14:21]} Nxe4 {[%clk 1:07:54]} 12. Qxe4
{[%clk 1:14:31]} Ra7 {[%clk 1:06:43]} 13. Bf4 {[%clk 1:04:08]} Bb7
{[%clk 0:49:37]} 14. Qe3 {[%clk 0:58:07]} Nd7 {[%clk 0:46:49]} 15. Ne5
{[%clk 0:54:32]} Ba8 {[%clk 0:43:30]} 16. Bf3 {[%clk 0:53:24]} Qc8
{[%clk 0:34:14]} 17. Rd2 {[%clk 0:43:25]} Rd8 {[%clk 0:33:37]} 18. Ng4
{[%clk 0:41:21]} Nf6 {[%clk 0:18:32]} 19. Nh6+ {[%clk 0:39:46]} Kh8
{[%clk 0:15:50]} 20. Rad1 {[%clk 0:38:46]} Ng8 {[%clk 0:14:49]} 21. h4
{[%clk 0:36:10]} Rad7 {[%clk 0:12:04]} 22. Ng4 {[%clk 0:28:52]} c5
{[%clk 0:07:42]} 23. Ne5 {[%clk 0:27:03]} cxd4 {[%clk 0:06:08]} 24. Rxd4
{[%clk 0:25:35]} Bxe5 {[%clk 0:05:45]} 25. Bxe5+ {[%clk 0:24:57]} f6
{[%clk 0:06:07]} 26. Bxa8 {[%clk 0:22:26]} Rxd4 {[%clk 0:06:00]} 27. Bxd4
{[%clk 0:22:36]} e5 {[%clk 0:03:01]} 28. Qxe5 {[%clk 0:17:12]} Kg7
{[%clk 0:00:43]} 29. Qe3 {[%clk 0:16:44]} Qxa8 {[%clk 0:01:04]} 30. Bxf6+
{[%clk 0:17:01]} Nxf6 {[%clk 0:00:40]} 31. Qe7+ {[%clk 0:17:24]} Kh6
{[%clk 0:00:59]} 32. Rxd8 {[%clk 0:17:44]} 1-0

[Event "WCO2014"]
[Site "Tromso"]
[Date "2014.08.03"]
[Round "2.27"]
[WhiteID "1401637"]
[White "Guindy Esmat"]
[BlackID "5007844"]
[Black "Sachdev Tanya"]
[Result "1/2-1/2"]
[LiveChessVersion "1.4.3"]
[BlackElo "2418"]
[WhiteElo "2074"]

1. d4 {[%clk 1:30:56]} Nf6 {[%clk 1:30:52]} 2. c4 {[%clk 1:31:20]} e6
{[%clk 1:31:20]} 3. g3 {[%clk 1:31:41]} c5 {[%clk 1:30:09]} 4. d5
{[%clk 1:31:57]} exd5 {[%clk 1:30:12]} 5. cxd5 {[%clk 1:32:20]} g6
{[%clk 1:30:09]} 6. Nc3 {[%clk 1:32:26]} d6 {[%clk 1:29:57]} 7. Bg2
{[%clk 1:32:08]} Bg7 {[%clk 1:30:17]} 8. Nf3 {[%clk 1:31:41]} O-O
{[%clk 1:30:20]} 9. O-O {[%clk 1:31:51]} a6 {[%clk 1:29:39]} 10. a4
{[%clk 1:32:14]} Re8 {[%clk 1:27:17]} 11. Nd2 {[%clk 1:26:47]} Nbd7
{[%clk 1:25:22]} 12. h3 {[%clk 1:22:54]} Nh5 {[%clk 1:16:15]} 13. Kh2
{[%clk 1:15:25]} f5 {[%clk 1:12:47]} 14. f4 {[%clk 0:54:26]} Nhf6
{[%clk 0:51:47]} 15. Re1 {[%clk 0:48:56]} Rb8 {[%clk 0:50:38]} 16. Nc4
{[%clk 0:44:15]} Nb6 {[%clk 0:42:28]} 17. Na3 {[%clk 0:40:26]} Bd7
{[%clk 0:32:08]} 18. Rb1 {[%clk 0:26:59]} Re7 {[%clk 0:12:15]} 19. Qc2
{[%clk 0:23:17]} Be8 {[%clk 0:10:00]} 20. Bd2 {[%clk 0:19:31]} Bf7
{[%clk 0:08:56]} 21. Qd3 {[%clk 0:19:46]} Kh8 {[%clk 0:02:23]} 22. Be3
{[%clk 0:14:17]} Nbxd5 {[%clk 0:01:57]} 23. Nxd5 {[%clk 0:09:03]} Nxd5
{[%clk 0:02:22]} 24. Bxd5 {[%clk 0:08:50]} Bxd5 {[%clk 0:01:35]} 25. Qxd5
{[%clk 0:09:14]} Rxe3 {[%clk 0:02:03]} 26. Nc4 {[%clk 0:09:27]} Re7
{[%clk 0:02:11]} 27. Nxd6 {[%clk 0:07:16]} Qc7 {[%clk 0:02:20]} 28. Rbc1
{[%clk 0:05:16]} Rd7 {[%clk 0:00:59]} 29. Red1 {[%clk 0:05:09]} b6
{[%clk 0:00:45]} 30. b3 {[%clk 0:02:31]} Re7 {[%clk 0:00:51]} 31. e4
{[%clk 0:01:57]} fxe4 {[%clk 0:01:09]} 32. Nxe4 {[%clk 0:02:21]} Rbe8
{[%clk 0:01:02]} 33. Ng5 {[%clk 0:02:26]} h6 {[%clk 0:00:53]} 34. Nf3
{[%clk 0:02:41]} Re2+ {[%clk 0:01:07]} 35. Kh1 {[%clk 0:03:05]} Qc8
{[%clk 0:01:06]} 36. Ng1 {[%clk 0:02:03]} R2e3 {[%clk 0:01:16]} 37. Rd3
{[%clk 0:01:31]} Qf5 {[%clk 0:00:46]} 38. Qxf5 {[%clk 0:00:48]} gxf5
{[%clk 0:01:14]} 39. Rcd1 {[%clk 0:01:09]} b5 {[%clk 0:01:12]} 40. axb5
{[%clk 0:00:46]} axb5 {[%clk 0:01:40]} 41. Kg2 {[%clk 0:28:29]} Rxd3
{[%clk 0:21:58]} 42. Rxd3 {[%clk 0:28:52]} c4 {[%clk 0:22:26]} 43. bxc4
{[%clk 0:26:13]} bxc4 {[%clk 0:22:54]} 44. Rd5 {[%clk 0:24:03]} Rc8
{[%clk 0:17:57]} 45. Ne2 {[%clk 0:21:26]} c3 {[%clk 0:17:20]} 46. Rxf5
{[%clk 0:20:24]} c2 {[%clk 0:17:44]} 47. g4 {[%clk 0:17:14]} Re8 {[%clk 0:14:19]}
48. Nc1 {[%clk 0:17:14]} Re1 {[%clk 0:12:16]} 49. Nb3 {[%clk 0:14:00]} Re2+
{[%clk 0:08:24]} 50. Kf3 {[%clk 0:13:30]} Rh2 {[%clk 0:08:48]} 51. Kg3
{[%clk 0:13:30]} Rd2 {[%clk 0:09:13]} 52. Rc5 {[%clk 0:13:08]} Rd3+
{[%clk 0:09:39]} 53. Kh4 {[%clk 0:09:39]} Rxb3 {[%clk 0:09:25]} 54. Rxc2
{[%clk 0:10:03]} Rf3 {[%clk 0:07:49]} 55. Rc4 {[%clk 0:09:21]} Kh7
{[%clk 0:07:46]} 56. g5 {[%clk 0:09:05]} Rxf4+ {[%clk 0:03:43]} 57. Rxf4
{[%clk 0:09:21]} hxg5+ {[%clk 0:04:12]} 58. Kxg5 {[%clk 0:09:28]} Bh6+
{[%clk 0:04:40]} 1/2-1/2

[Event "WCO2014"]
[Site "Tromso"]
[Date "2014.08.03"]
[Round "2.26"]
[WhiteID "5012600"]
[White "Karavade Eesha"]
[BlackID "1408259"]
[Black "Olsen Miriam F"]
[Result "1-0"]
[LiveChessVersion "1.4.3"]
[BlackElo "2019"]
[WhiteElo "2392"]

1. d4 {[%clk 1:30:51]} Nf6 {[%clk 1:30:51]} 2. c4 {[%clk 1:31:05]} e6
{[%clk 1:31:14]} 3. Nc3 {[%clk 1:31:27]} Bb4 {[%clk 1:31:31]} 4. e3
{[%clk 1:31:34]} O-O {[%clk 1:31:28]} 5. Bd3 {[%clk 1:32:00]} d5 {[%clk 1:31:01]}
6. Nf3 {[%clk 1:32:21]} c5 {[%clk 1:26:42]} 7. O-O {[%clk 1:32:36]} Bxc3
{[%clk 1:18:13]} 8. bxc3 {[%clk 1:32:27]} b6 {[%clk 1:12:16]} 9. Bb2
{[%clk 1:31:08]} dxc4 {[%clk 1:11:48]} 10. Bxc4 {[%clk 1:31:11]} Qc7
{[%clk 1:12:06]} 11. Qe2 {[%clk 1:30:13]} Bb7 {[%clk 1:11:08]} 12. Bd3
{[%clk 1:25:21]} Be4 {[%clk 1:02:36]} 13. c4 {[%clk 1:23:04]} Bxd3
{[%clk 0:56:57]} 14. Qxd3 {[%clk 1:23:26]} Rd8 {[%clk 0:46:24]} 15. d5
{[%clk 1:20:36]} Qe7 {[%clk 0:45:53]} 16. e4 {[%clk 1:19:28]} exd5
{[%clk 0:43:34]} 17. exd5 {[%clk 1:04:57]} Qe4 {[%clk 0:31:15]} 18. Qb3
{[%clk 1:03:24]} Nbd7 {[%clk 0:28:37]} 19. Rfe1 {[%clk 1:01:50]} Qf4
{[%clk 0:28:30]} 20. g3 {[%clk 1:00:19]} Qd6 {[%clk 0:27:27]} 21. Nh4
{[%clk 0:57:04]} Re8 {[%clk 0:24:03]} 22. Nf5 {[%clk 0:55:16]} Qf8
{[%clk 0:24:19]} 23. d6 {[%clk 0:54:12]} Re6 {[%clk 0:15:51]} 24. Qf3
{[%clk 0:50:14]} Rae8 {[%clk 0:14:53]} 25. Ne7+ {[%clk 0:50:12]} R8xe7
{[%clk 0:13:17]} 26. dxe7 {[%clk 0:50:32]} Qxe7 {[%clk 0:13:23]} 27. Rxe6
{[%clk 0:49:33]} Qxe6 {[%clk 0:11:26]} 28. Qa8+ {[%clk 0:49:11]} Nf8
{[%clk 0:11:03]} 29. Bxf6 {[%clk 0:46:10]} Qxf6 {[%clk 0:11:17]} 30. Re1
{[%clk 0:46:06]} g6 {[%clk 0:09:36]} 31. Re8 {[%clk 0:46:24]} Qd6
{[%clk 0:10:00]} 32. Qd8 {[%clk 0:45:34]} Qxd8 {[%clk 0:08:58]} 33. Rxd8
{[%clk 0:46:01]} Kg7 {[%clk 0:08:53]} 34. Ra8 {[%clk 0:46:28]} Nd7
{[%clk 0:08:44]} 35. Rxa7 {[%clk 0:46:49]} Ne5 {[%clk 0:07:29]} 36. Ra4
{[%clk 0:47:16]} Kf6 {[%clk 0:07:32]} 37. f4 {[%clk 0:47:39]} Nd7
{[%clk 0:08:00]} 38. Kf2 {[%clk 0:47:56]} Ke6 {[%clk 0:07:42]} 39. g4
{[%clk 0:46:27]} h5 {[%clk 0:05:19]} 40. gxh5 {[%clk 0:46:48]} gxh5
{[%clk 0:05:43]} 41. Ra8 {[%clk 0:47:11]} f5 {[%clk 0:03:54]} 42. Rh8
{[%clk 0:46:48]} Nf6 {[%clk 0:04:16]} 43. h3 {[%clk 0:46:57]} Ke7
{[%clk 0:02:58]} 44. Ke2 {[%clk 0:47:01]} 1-0

[Event "WCO2014"]
[Site "Tromso"]
[Date "2014.08.03"]
[Round "2.25"]
[WhiteID "1504258"]
[White "Stolberg-Rohr Thomine"]
[BlackID "5013623"]
[Black "Gomes Mary Ann"]
[Result "0-1"]
[LiveChessVersion "1.4.3"]
[BlackElo "2352"]
[WhiteElo "1960"]

1. e4 {[%clk 1:30:57]} c5 {[%clk 1:30:21]} 2. Nf3 {[%clk 1:31:16]} d6
{[%clk 1:30:44]} 3. d4 {[%clk 1:31:36]} cxd4 {[%clk 1:31:07]} 4. Nxd4
{[%clk 1:31:57]} Nf6 {[%clk 1:31:31]} 5. Nc3 {[%clk 1:32:15]} a6 {[%clk 1:31:56]}
6. Be2 {[%clk 1:32:21]} e5 {[%clk 1:32:19]} 7. Nb3 {[%clk 1:32:42]} Be7
{[%clk 1:32:43]} 8. Be3 {[%clk 1:32:46]} Be6 {[%clk 1:32:55]} 9. Nd5
{[%clk 1:32:18]} Bxd5 {[%clk 1:29:34]} 10. exd5 {[%clk 1:32:27]} Nbd7
{[%clk 1:29:15]} 11. g4 {[%clk 1:27:23]} h6 {[%clk 1:18:10]} 12. c4
{[%clk 1:13:50]} Rc8 {[%clk 1:13:32]} 13. O-O {[%clk 1:09:12]} Ne4
{[%clk 1:07:52]} 14. f4 {[%clk 1:03:44]} exf4 {[%clk 1:05:02]} 15. Rxf4
{[%clk 0:58:57]} Ng5 {[%clk 1:02:21]} 16. Qf1 {[%clk 0:58:11]} Ne5
{[%clk 1:02:41]} 17. Nd4 {[%clk 0:52:55]} Ng6 {[%clk 1:03:00]} 18. Rf2
{[%clk 0:38:01]} O-O {[%clk 0:58:55]} 19. Nf5 {[%clk 0:32:58]} Ne4
{[%clk 0:56:33]} 20. Rg2 {[%clk 0:32:32]} Bg5 {[%clk 0:54:32]} 21. Bxg5
{[%clk 0:29:14]} hxg5 {[%clk 0:46:56]} 22. Bd3 {[%clk 0:25:35]} Nc5
{[%clk 0:41:47]} 23. Bc2 {[%clk 0:24:42]} Nf4 {[%clk 0:40:42]} 24. Re1
{[%clk 0:20:58]} g6 {[%clk 0:29:01]} 25. Ne7+ {[%clk 0:19:15]} Kg7
{[%clk 0:29:25]} 26. Nxc8 {[%clk 0:17:34]} Nxg2 {[%clk 0:29:46]} 27. Qxg2
{[%clk 0:15:06]} Qxc8 {[%clk 0:30:09]} 28. Re7 {[%clk 0:12:37]} Nd7
{[%clk 0:25:39]} 29. Bxg6 {[%clk 0:08:19]} Kxg6 {[%clk 0:23:42]} 30. Qe4+
{[%clk 0:08:29]} Kf6 {[%clk 0:22:05]} 31. Rxf7+ {[%clk 0:06:26]} Kxf7
{[%clk 0:19:51]} 32. Qe6+ {[%clk 0:06:36]} Kg7 {[%clk 0:20:14]} 33. Qe7+
{[%clk 0:06:54]} Kh8 {[%clk 0:19:18]} 0-1

[Event "WCO2014"]
[Site "Tromso"]
[Date "2014.08.03"]
[Round "2.3"]
[WhiteID "322750"]
[White "Nemcova Katerina"]
[BlackID "207977"]
[Black "Barbier Wiebke"]
[Result "0-1"]
[LiveChessVersion "1.4.3"]
[BlackElo "1944"]
[WhiteElo "2315"]

1. e4 {[%clk 1:30:56]} d6 {[%clk 1:30:57]} 2. d4 {[%clk 1:31:11]} Nf6
{[%clk 1:31:22]} 3. Nc3 {[%clk 1:31:33]} e5 {[%clk 1:31:48]} 4. Nf3
{[%clk 1:31:54]} Nbd7 {[%clk 1:32:14]} 5. Bc4 {[%clk 1:32:00]} Be7
{[%clk 1:32:38]} 6. O-O {[%clk 1:32:21]} O-O {[%clk 1:33:03]} 7. Re1
{[%clk 1:32:28]} c6 {[%clk 1:33:22]} 8. a4 {[%clk 1:32:40]} a5 {[%clk 1:33:33]}
9. b3 {[%clk 1:32:38]} Qc7 {[%clk 1:31:04]} 10. h3 {[%clk 1:24:28]} h6
{[%clk 1:22:02]} 11. Bb2 {[%clk 1:21:45]} Re8 {[%clk 1:17:22]} 12. Qd2
{[%clk 1:17:52]} Bf8 {[%clk 1:12:30]} 13. Rad1 {[%clk 1:13:44]} exd4
{[%clk 1:07:32]} 14. Nxd4 {[%clk 1:10:12]} Nc5 {[%clk 1:06:26]} 15. f3
{[%clk 1:04:30]} Bd7 {[%clk 0:36:52]} 16. Qf2 {[%clk 0:57:14]} Rad8
{[%clk 0:32:46]} 17. Bc1 {[%clk 0:46:09]} Bc8 {[%clk 0:24:42]} 18. Bf1
{[%clk 0:37:46]} d5 {[%clk 0:17:39]} 19. e5 {[%clk 0:33:08]} Rxe5
{[%clk 0:12:35]} 20. Bf4 {[%clk 0:31:32]} Bd6 {[%clk 0:12:37]} 21. Ndb5
{[%clk 0:21:13]} cxb5 {[%clk 0:09:34]} 22. Nxb5 {[%clk 0:17:45]} Rxe1
{[%clk 0:05:11]} 23. Rxe1 {[%clk 0:14:17]} Qc6 {[%clk 0:04:27]} 24. Nxd6
{[%clk 0:13:35]} Rxd6 {[%clk 0:04:18]} 25. Bb5 {[%clk 0:13:23]} Qb6
{[%clk 0:02:41]} 26. Bxd6 {[%clk 0:10:43]} Qxd6 {[%clk 0:03:01]} 27. Rd1
{[%clk 0:10:30]} Ne6 {[%clk 0:00:58]} 28. c3 {[%clk 0:08:18]} Nf4
{[%clk 0:01:21]} 29. Bf1 {[%clk 0:08:19]} Be6 {[%clk 0:00:48]} 30. Rd4
{[%clk 0:07:38]} Ng6 {[%clk 0:00:45]} 31. b4 {[%clk 0:05:29]} axb4
{[%clk 0:01:11]} 32. Rxb4 {[%clk 0:05:53]} Qc6 {[%clk 0:00:59]} 33. Qd4
{[%clk 0:05:59]} Ne7 {[%clk 0:00:53]} 34. Rb6 {[%clk 0:05:01]} Qc7
{[%clk 0:00:58]} 35. Qb4 {[%clk 0:04:52]} Bc8 {[%clk 0:01:19]} 36. a5
{[%clk 0:04:25]} Nc6 {[%clk 0:01:45]} 37. Qa3 {[%clk 0:03:43]} d4
{[%clk 0:01:03]} 38. cxd4 {[%clk 0:03:44]} Nxd4 {[%clk 0:01:28]} 39. Rd6
{[%clk 0:01:26]} Nc6 {[%clk 0:00:56]} 40. Bb5 {[%clk 0:00:40]} Nxa5
{[%clk 0:00:58]} 41. Qd3 {[%clk 0:28:34]} Qc5+ {[%clk 0:25:44]} 42. Kf1
{[%clk 0:20:09]} Bf5 {[%clk 0:25:35]} 43. Rd8+ {[%clk 0:20:11]} Kh7
{[%clk 0:25:57]} 44. Qxf5+ {[%clk 0:20:20]} Qxf5 {[%clk 0:25:40]} 45. Bd3
{[%clk 0:20:45]} Kg6 {[%clk 0:25:35]} 46. Ke2 {[%clk 0:20:32]} Nc6
{[%clk 0:25:02]} 47. Rd6 {[%clk 0:19:06]} Qxd3+ {[%clk 0:22:45]} 48. Rxd3
{[%clk 0:18:02]} Kf5 {[%clk 0:22:47]} 49. Kd2 {[%clk 0:16:20]} Ne5
{[%clk 0:21:11]} 50. Rb3 {[%clk 0:16:05]} Nc4+ {[%clk 0:21:22]} 51. Kd3
{[%clk 0:15:31]} Nd6 {[%clk 0:21:45]} 52. Kd4 {[%clk 0:14:33]} Kf4
{[%clk 0:21:25]} 53. g4 {[%clk 0:09:50]} Kg3 {[%clk 0:19:22]} 54. Ke5
{[%clk 0:05:33]} Nfe8 {[%clk 0:19:38]} 55. f4+ {[%clk 0:05:31]} Kh4
{[%clk 0:19:25]} 56. Kd5 {[%clk 0:05:18]} f6 {[%clk 0:19:05]} 57. Ke6
{[%clk 0:04:24]} h5 {[%clk 0:19:07]} 58. gxh5 {[%clk 0:03:35]} Kxh5
{[%clk 0:19:31]} 59. f5 {[%clk 0:03:49]} Kg5 {[%clk 0:19:41]} 60. Rb1
{[%clk 0:03:47]} b5 {[%clk 0:19:36]} 61. Rb2 {[%clk 0:02:13]} Kf4
{[%clk 0:19:40]} 62. Rg2 {[%clk 0:02:07]} Ke4 {[%clk 0:19:01]} 63. Rg4+
{[%clk 0:02:10]} Kf3 {[%clk 0:17:09]} 64. Kd7 {[%clk 0:02:18]} Ke3
{[%clk 0:15:15]} 65. Ke7 {[%clk 0:02:42]} Kd3 {[%clk 0:13:50]} 66. h4
{[%clk 0:00:52]} Kc3 {[%clk 0:14:14]} 67. h5 {[%clk 0:01:02]} b4 {[%clk 0:09:10]}
68. Rg3+ {[%clk 0:01:27]} Kc2 {[%clk 0:09:23]} 69. Rg2+ {[%clk 0:01:50]} Kd3
{[%clk 0:09:42]} 70. Rg3+ {[%clk 0:01:39]} Kc4 {[%clk 0:10:08]} 71. Rg4+
{[%clk 0:01:53]} Kc5 {[%clk 0:10:33]} 72. Kf8 {[%clk 0:01:50]} b3
{[%clk 0:10:25]} 73. Rg3 {[%clk 0:02:11]} Kb4 {[%clk 0:10:45]} 74. Rxg7
{[%clk 0:01:39]} Nxg7 {[%clk 0:10:52]} 75. h6 {[%clk 0:02:04]} Ndxf5
{[%clk 0:09:27]} 76. h7 {[%clk 0:02:25]} b2 {[%clk 0:09:42]} 0-1